[Event "Rapid Tournament (RAP)"]
[Site "Biel, CH"]
[Date "2025.07.13"]
[Round "3"]
[White "Flueckiger, Roger"]
[Black "Parlak, Selahattin"]
[Result "1-0"]
[Board "40"]
[WhiteFideId "1344862"]
[BlackFideId "1338625"]
[WhiteElo "1937"]
[BlackElo "1768"]
[WhiteTeam "SUI"]
[BlackTeam "SUI"]
[WhiteClock "0:00:25"]
[BlackClock "0:00:12"]
[Variant "Standard"]

1. Nf3 {[%clk 0:14:58]}  d5 {[%clk 0:15:07]} 2. d4 {[%clk 0:14:59]}  Nc6 {[%clk 0:15:09]} 3. g3 {[%clk 0:14:26]}  Bf5 {[%clk 0:15:08]} 4. c4 {[%clk 0:13:50]}  dxc4 {[%clk 0:13:31]} 5. d5 {[%clk 0:13:44]}  Nb8 {[%clk 0:13:09]} 6. Nc3 {[%clk 0:13:35]}  e6 {[%clk 0:12:32]} 7. e4 {[%clk 0:12:54]}  Bg4 {[%clk 0:12:08]} 8. Bxc4 {[%clk 0:12:48]}  Qf6 {[%clk 0:11:19]} 9. Be2 {[%clk 0:11:02]}  Bc5 {[%clk 0:10:38]} 10. e5 {[%clk 0:07:36]}  Qf5 {[%clk 0:08:04]} 11. Bf4 {[%clk 0:06:47]}  Bxf3 {[%clk 0:05:14]} 12. Bxf3 {[%clk 0:06:44]}  exd5 {[%clk 0:04:44]} 13. Qxd5 {[%clk 0:04:46]}  Nd7 {[%clk 0:04:21]} 14. O-O {[%clk 0:03:05]}  Ne7 {[%clk 0:04:11]} 15. Qxb7 {[%clk 0:01:44]}  Rb8 {[%clk 0:02:45]} 16. Qxc7 {[%clk 0:02:23]}  O-O {[%clk 0:01:54]} 17. Be4 {[%clk 0:01:53]}  Qe6 {[%clk 0:01:55]} 18. Rad1 {[%clk 0:00:25]}  Qc4 {[%clk 0:01:43]} 19. Qxd7 {[%clk 0:01:02]}  Rxb2 {[%clk 0:00:33]} 20. Nd5 {[%clk 0:00:41]}  Ng6 {[%clk 0:00:13]} 21. Bxg6 {[%clk 0:00:20]}  fxg6 {[%clk 0:00:06]} 22. Ne7+ {[%clk 0:00:23]}  Bxe7 {[%clk 0:00:16]} 23. Qxe7 {[%clk 0:00:26]}  Rbb8 {[%clk 0:00:15]} 24. Qd6 {[%clk 0:00:25]}  Rbd8 {[%clk 0:00:17]} 25. Qxd8 {[%clk 0:00:24]}  Rxd8 {[%clk 0:00:21]} 26. Rxd8+ {[%clk 0:00:28]}  Kf7 {[%clk 0:00:25]} 27. Rfd1 {[%clk 0:00:32]}  Qxa2 {[%clk 0:00:23]} 28. R8d7+ {[%clk 0:00:33]}  Ke6 {[%clk 0:00:12]} 29. g4 {[%clk 0:00:25]} 1-0

[Event "Rapid Tournament (RAP)"]
[Site "Biel, CH"]
[Date "2025.07.13"]
[Round "3"]
[White "Ye, Zhanting K."]
[Black "Kumbharathi, Vedansh"]
[Result "0-1"]
[Board "41"]
[WhiteFideId "2533235"]
[BlackFideId "30998395"]
[WhiteElo "1759"]
[BlackElo "1931"]
[WhiteTeam "IRL"]
[BlackTeam "USA"]
[WhiteClock "0:00:15"]
[BlackClock "0:10:50"]
[Variant "Standard"]

1. e4 {[%clk 0:15:05]}  c5 {[%clk 0:15:08]} 2. d4 {[%clk 0:15:06]}  cxd4 {[%clk 0:15:05]} 3. c3 {[%clk 0:15:09]}  dxc3 {[%clk 0:15:05]} 4. Nxc3 {[%clk 0:15:12]}  Nc6 {[%clk 0:14:57]} 5. Nf3 {[%clk 0:15:14]}  e6 {[%clk 0:14:53]} 6. Bc4 {[%clk 0:15:10]}  Bb4 {[%clk 0:14:53]} 7. O-O {[%clk 0:15:02]}  Bxc3 {[%clk 0:14:50]} 8. bxc3 {[%clk 0:15:02]}  Nge7 {[%clk 0:13:21]} 9. e5 {[%clk 0:12:36]}  Qc7 {[%clk 0:14:42]} 10. Qe2 {[%clk 0:12:23]}  O-O {[%clk 0:14:40]} 11. Ba3 {[%clk 0:12:17]}  Re8 {[%clk 0:14:20]} 12. Bd6 {[%clk 0:12:00]}  Qd8 {[%clk 0:14:20]} 13. g4 {[%clk 0:11:20]}  Ng6 {[%clk 0:14:04]} 14. Nd4 {[%clk 0:10:49]}  Nxd4 {[%clk 0:13:55]} 15. cxd4 {[%clk 0:10:46]}  b6 {[%clk 0:13:58]} 16. f4 {[%clk 0:10:11]}  Bb7 {[%clk 0:13:48]} 17. Bb3 {[%clk 0:08:41]}  Rc8 {[%clk 0:13:35]} 18. Qe3 {[%clk 0:07:46]}  Qh4 {[%clk 0:13:16]} 19. Qg3 {[%clk 0:07:40]}  Qxg3+ {[%clk 0:13:08]} 20. hxg3 {[%clk 0:07:40]}  Ne7 {[%clk 0:13:02]} 21. Rac1 {[%clk 0:07:22]}  Nc6 {[%clk 0:12:36]} 22. d5 {[%clk 0:06:57]}  Nd4 {[%clk 0:12:40]} 23. dxe6 {[%clk 0:06:36]}  dxe6 {[%clk 0:12:26]} 24. Kf2 {[%clk 0:05:03]}  Nxb3 {[%clk 0:11:49]} 25. axb3 {[%clk 0:05:04]}  Bd5 {[%clk 0:11:53]} 26. b4 {[%clk 0:04:55]}  a5 {[%clk 0:11:49]} 27. bxa5 {[%clk 0:04:49]}  bxa5 {[%clk 0:11:53]} 28. Ke3 {[%clk 0:04:36]}  a4 {[%clk 0:11:47]} 29. Kd2 {[%clk 0:04:18]}  f6 {[%clk 0:11:43]} 30. Ra1 {[%clk 0:04:11]}  Bb3 {[%clk 0:11:39]} 31. Rfc1 {[%clk 0:03:04]}  Kf7 {[%clk 0:11:42]} 32. Rc7+ {[%clk 0:02:57]}  Rxc7 {[%clk 0:11:45]} 33. Bxc7 {[%clk 0:03:01]}  Rc8 {[%clk 0:11:49]} 34. Bd6 {[%clk 0:02:03]}  Rc2+ {[%clk 0:11:43]} 35. Ke3 {[%clk 0:02:02]}  Rc3+ {[%clk 0:11:45]} 36. Kf2 {[%clk 0:01:56]}  Kg6 {[%clk 0:11:44]} 37. Ra3 {[%clk 0:01:19]}  Rc2+ {[%clk 0:11:35]} 38. Kg1 {[%clk 0:00:40]}  f5 {[%clk 0:11:27]} 39. g5 {[%clk 0:00:14]}  Kh5 {[%clk 0:11:24]} 40. Bf8 {[%clk 0:00:12]}  g6 {[%clk 0:11:27]} 41. Bb4 {[%clk 0:00:15]}  Kg4 {[%clk 0:11:28]} 42. Be1 {[%clk 0:00:16]}  Kf3 {[%clk 0:11:27]} 43. Ra1 {[%clk 0:00:14]}  Kg4 {[%clk 0:11:07]} 44. Bf2 {[%clk 0:00:12]}  Bd5 {[%clk 0:11:00]} 45. Re1 {[%clk 0:00:09]}  a3 {[%clk 0:11:00]} 46. Rd1 {[%clk 0:00:07]}  a2 {[%clk 0:11:02]} 47. Ra1 {[%clk 0:00:08]}  Rb2 {[%clk 0:11:05]} 48. Bd4 {[%clk 0:00:11]}  Rg2+ {[%clk 0:11:03]} 49. Kf1 {[%clk 0:00:14]}  Rh2 {[%clk 0:11:03]} 50. Bg1 {[%clk 0:00:15]}  Rd2 {[%clk 0:10:57]} 51. Be3 {[%clk 0:00:16]}  Rc2 {[%clk 0:10:59]} 52. Kg1 {[%clk 0:00:15]}  Kxg3 {[%clk 0:10:50]} 0-1

[Event "Rapid Tournament (RAP)"]
[Site "Biel, CH"]
[Date "2025.07.13"]
[Round "3"]
[White "Lopez, Manuel"]
[Black "Creux, Francois"]
[Result "1-0"]
[Board "42"]
[WhiteFideId "1306324"]
[BlackFideId "1357743"]
[WhiteElo "1930"]
[BlackElo "1762"]
[WhiteTeam "SUI"]
[BlackTeam "SUI"]
[WhiteClock "0:04:34"]
[BlackClock "0:00:07"]
[Variant "Standard"]

1. e4 {[%clk 0:15:07]}  c5 {[%clk 0:15:09]} 2. Nf3 {[%clk 0:15:09]}  d6 {[%clk 0:15:12]} 3. d4 {[%clk 0:15:13]}  cxd4 {[%clk 0:15:15]} 4. Nxd4 {[%clk 0:15:17]}  Nf6 {[%clk 0:15:15]} 5. Nc3 {[%clk 0:15:20]}  g6 {[%clk 0:15:17]} 6. Be3 {[%clk 0:15:24]}  Bg7 {[%clk 0:15:11]} 7. f3 {[%clk 0:15:28]}  Nc6 {[%clk 0:14:58]} 8. Qd2 {[%clk 0:15:31]}  O-O {[%clk 0:14:58]} 9. Bc4 {[%clk 0:15:27]}  a6 {[%clk 0:13:42]} 10. O-O-O {[%clk 0:15:25]}  Na5 {[%clk 0:13:08]} 11. Bb3 {[%clk 0:15:23]}  b5 {[%clk 0:12:37]} 12. h4 {[%clk 0:15:26]}  h5 {[%clk 0:12:30]} 13. Nd5 {[%clk 0:13:39]}  Nxb3+ {[%clk 0:12:01]} 14. Nxb3 {[%clk 0:13:36]}  Nxd5 {[%clk 0:11:46]} 15. exd5 {[%clk 0:13:24]}  Bf5 {[%clk 0:10:41]} 16. Nd4 {[%clk 0:12:29]}  Bd7 {[%clk 0:10:33]} 17. Bh6 {[%clk 0:12:12]}  Rc8 {[%clk 0:09:14]} 18. Bxg7 {[%clk 0:11:50]}  Kxg7 {[%clk 0:09:17]} 19. g4 {[%clk 0:11:49]}  Rh8 {[%clk 0:08:30]} 20. Ne2 {[%clk 0:09:45]}  hxg4 {[%clk 0:07:28]} 21. fxg4 {[%clk 0:09:19]}  Bxg4 {[%clk 0:07:32]} 22. Qd4+ {[%clk 0:09:21]}  f6 {[%clk 0:07:01]} 23. Qxg4 {[%clk 0:09:23]}  Qa5 {[%clk 0:06:32]} 24. Kb1 {[%clk 0:08:36]}  Rc4 {[%clk 0:04:58]} 25. Qe6 {[%clk 0:07:13]}  Qc7 {[%clk 0:04:40]} 26. c3 {[%clk 0:06:41]}  Rhxh4 {[%clk 0:04:24]} 27. Rxh4 {[%clk 0:06:44]}  Rxh4 {[%clk 0:04:27]} 28. Nd4 {[%clk 0:06:10]}  Kh6 {[%clk 0:02:28]} 29. Qe3+ {[%clk 0:05:41]}  Kh7 {[%clk 0:02:14]} 30. Re1 {[%clk 0:05:41]}  e5 {[%clk 0:00:58]} 31. dxe6 {[%clk 0:05:37]}  d5 {[%clk 0:00:26]} 32. e7 {[%clk 0:05:27]}  Re4 {[%clk 0:00:23]} 33. Rh1+ {[%clk 0:04:56]}  Kg8 {[%clk 0:00:06]} 34. Qxe4 {[%clk 0:04:35]}  dxe4 {[%clk 0:00:07]} 35. e8=Q+ {[%clk 0:04:34]} 1-0

[Event "Rapid Tournament (RAP)"]
[Site "Biel, CH"]
[Date "2025.07.13"]
[Round "3"]
[White "Moesching, Colin"]
[Black "Tcheau, Alain"]
[Result "0-1"]
[Board "43"]
[WhiteFideId "1345036"]
[BlackFideId "1306014"]
[WhiteElo "1751"]
[BlackElo "1912"]
[WhiteTeam "SUI"]
[BlackTeam "SUI"]
[WhiteClock "0:00:00"]
[BlackClock "0:00:28"]
[Variant "Standard"]

1. d4 {[%clk 0:15:06]}  f5 {[%clk 0:15:09]} 2. Nf3 {[%clk 0:15:04]}  Nf6 {[%clk 0:15:12]} 3. c4 {[%clk 0:14:56]}  e6 {[%clk 0:15:15]} 4. a3 {[%clk 0:14:41]}  Be7 {[%clk 0:15:15]} 5. Nc3 {[%clk 0:14:37]}  O-O {[%clk 0:15:17]} 6. e3 {[%clk 0:14:23]}  d6 {[%clk 0:15:18]} 7. Bd3 {[%clk 0:14:19]}  Nc6 {[%clk 0:15:20]} 8. b4 {[%clk 0:14:04]}  e5 {[%clk 0:15:15]} 9. d5 {[%clk 0:12:18]}  Nb8 {[%clk 0:14:52]} 10. e4 {[%clk 0:12:12]}  fxe4 {[%clk 0:14:53]} 11. Nxe4 {[%clk 0:12:00]}  Nxe4 {[%clk 0:14:54]} 12. Bxe4 {[%clk 0:12:00]}  Nd7 {[%clk 0:14:53]} 13. O-O {[%clk 0:11:11]}  Nf6 {[%clk 0:14:56]} 14. Bc2 {[%clk 0:10:09]}  Bg4 {[%clk 0:14:56]} 15. h3 {[%clk 0:09:38]}  Bh5 {[%clk 0:14:22]} 16. Bg5 {[%clk 0:08:57]}  Nd7 {[%clk 0:13:57]} 17. Bxe7 {[%clk 0:07:11]}  Qxe7 {[%clk 0:13:59]} 18. g4 {[%clk 0:06:56]}  Bf7 {[%clk 0:12:47]} 19. Bf5 {[%clk 0:06:44]}  g6 {[%clk 0:12:42]} 20. Be4 {[%clk 0:06:37]}  Kg7 {[%clk 0:12:29]} 21. Qd2 {[%clk 0:05:46]}  Nf6 {[%clk 0:12:26]} 22. Rae1 {[%clk 0:05:16]}  Nxe4 {[%clk 0:12:20]} 23. Rxe4 {[%clk 0:05:19]}  Bg8 {[%clk 0:12:02]} 24. Kg2 {[%clk 0:05:02]}  Rf6 {[%clk 0:11:55]} 25. g5 {[%clk 0:04:34]}  Rf5 {[%clk 0:11:51]} 26. Rg4 {[%clk 0:04:32]}  Raf8 {[%clk 0:11:41]} 27. Rg3 {[%clk 0:04:13]}  Kh8 {[%clk 0:10:10]} 28. h4 {[%clk 0:03:07]}  Qg7 {[%clk 0:09:08]} 29. Nh2 {[%clk 0:02:17]}  Rf4 {[%clk 0:08:06]} 30. Rg4 {[%clk 0:01:49]}  c6 {[%clk 0:07:09]} 31. f3 {[%clk 0:01:25]}  b5 {[%clk 0:06:36]} 32. Rd1 {[%clk 0:00:58]}  cxd5 {[%clk 0:06:07]} 33. cxd5 {[%clk 0:00:59]}  Qc7 {[%clk 0:05:40]} 34. Qe2 {[%clk 0:00:50]}  Qc3 {[%clk 0:04:29]} 35. Rd3 {[%clk 0:00:48]}  Qc4 {[%clk 0:04:23]} 36. Rxf4 {[%clk 0:00:49]}  Rxf4 {[%clk 0:04:02]} 37. Ng4 {[%clk 0:00:52]}  Bxd5 {[%clk 0:03:18]} 38. Nxe5 {[%clk 0:00:29]}  Qc8 {[%clk 0:01:57]} 39. Rxd5 {[%clk 0:00:28]}  Rxh4 {[%clk 0:01:42]} 40. Ng4 {[%clk 0:00:32]}  Qd8 {[%clk 0:01:21]} 41. Qe6 {[%clk 0:00:25]}  Qc7 {[%clk 0:01:05]} 42. Kg3 {[%clk 0:00:15]}  Rh1 {[%clk 0:00:51]} 43. Qxd6 {[%clk 0:00:00]}  Kg8 {[%clk 0:00:28]} 0-1

[Event "Rapid Tournament (RAP)"]
[Site "Biel, CH"]
[Date "2025.07.13"]
[Round "3"]
[White "Gao, Kai"]
[Black "Pardoen, Oscar"]
[Result "1-0"]
[Board "44"]
[WhiteFideId "8607770"]
[BlackFideId "282499"]
[WhiteElo "1906"]
[BlackElo "1758"]
[WhiteTeam "CHN"]
[BlackTeam "BEL"]
[WhiteClock "0:05:45"]
[BlackClock "0:00:15"]
[Variant "Standard"]

1. e4 {[%clk 0:15:09]}  e5 {[%clk 0:15:09]} 2. Nf3 {[%clk 0:15:12]}  Nf6 {[%clk 0:15:12]} 3. Nxe5 {[%clk 0:15:07]}  d6 {[%clk 0:15:15]} 4. Nf3 {[%clk 0:15:16]}  Nxe4 {[%clk 0:15:18]} 5. d4 {[%clk 0:15:19]}  d5 {[%clk 0:15:21]} 6. Bd3 {[%clk 0:15:22]}  Bf5 {[%clk 0:15:22]} 7. O-O {[%clk 0:15:20]}  Be7 {[%clk 0:15:22]} 8. Re1 {[%clk 0:15:02]}  O-O {[%clk 0:15:21]} 9. Nbd2 {[%clk 0:15:05]}  Nd6 {[%clk 0:14:31]} 10. Bxf5 {[%clk 0:14:41]}  Nxf5 {[%clk 0:14:31]} 11. c3 {[%clk 0:14:45]}  Bf6 {[%clk 0:13:50]} 12. Qb3 {[%clk 0:14:32]}  b6 {[%clk 0:13:05]} 13. Ne5 {[%clk 0:14:17]}  c6 {[%clk 0:12:15]} 14. Ndf3 {[%clk 0:14:33]}  Qc7 {[%clk 0:12:06]} 15. Bf4 {[%clk 0:13:56]}  Qb7 {[%clk 0:11:30]} 16. Qc2 {[%clk 0:14:26]}  Ne7 {[%clk 0:10:07]} 17. Ng4 {[%clk 0:13:23]}  Nd7 {[%clk 0:07:59]} 18. Bd6 {[%clk 0:12:45]}  Rfe8 {[%clk 0:07:43]} 19. Qe2 {[%clk 0:11:35]}  Ng6 {[%clk 0:07:54]} 20. Qxe8+ {[%clk 0:11:21]}  Rxe8 {[%clk 0:07:56]} 21. Rxe8+ {[%clk 0:11:07]}  Ndf8 {[%clk 0:05:52]} 22. Rae1 {[%clk 0:10:15]}  Qd7 {[%clk 0:04:44]} 23. Bxf8 {[%clk 0:10:40]}  Nxf8 {[%clk 0:05:01]} 24. Rb8 {[%clk 0:10:13]}  Be7 {[%clk 0:04:55]} 25. Nge5 {[%clk 0:10:43]}  Qc7 {[%clk 0:04:27]} 26. Ra8 {[%clk 0:09:05]}  Bd6 {[%clk 0:04:22]} 27. g3 {[%clk 0:09:59]}  f6 {[%clk 0:03:22]} 28. Ng4 {[%clk 0:09:52]}  Kf7 {[%clk 0:03:26]} 29. Rae8 {[%clk 0:08:48]}  Ng6 {[%clk 0:03:01]} 30. R8e2 {[%clk 0:09:10]}  h5 {[%clk 0:02:52]} 31. Ne3 {[%clk 0:09:13]}  Ne7 {[%clk 0:02:54]} 32. a3 {[%clk 0:09:01]}  g6 {[%clk 0:02:56]} 33. c4 {[%clk 0:09:02]}  g5 {[%clk 0:02:44]} 34. b4 {[%clk 0:09:02]}  Qd7 {[%clk 0:00:57]} 35. c5 {[%clk 0:07:27]}  bxc5 {[%clk 0:00:52]} 36. bxc5 {[%clk 0:07:17]}  Bc7 {[%clk 0:00:14]} 37. Rb1 {[%clk 0:06:50]}  Qc8 {[%clk 0:02:20]} 38. Reb2 {[%clk 0:05:51]}  Ke6 {[%clk 0:01:26]} 39. Rb7 {[%clk 0:06:43]}  Bd8 {[%clk 0:00:45]} 40. Rxa7 {[%clk 0:06:32]}  Nf5 {[%clk 0:00:28]} 41. Nc2 {[%clk 0:06:22]}  Be7 {[%clk 0:00:30]} 42. Re1+ {[%clk 0:06:26]}  Kf7 {[%clk 0:00:30]} 43. Ne3 {[%clk 0:06:30]}  Ng7 {[%clk 0:00:24]} 44. Nxd5 {[%clk 0:06:32]}  Ne6 {[%clk 0:00:09]} 45. Rxe7+ {[%clk 0:06:34]}  Kg6 {[%clk 0:00:13]} 46. Nb6 {[%clk 0:06:22]}  Qa6 {[%clk 0:00:11]} 47. R7xe6 {[%clk 0:06:24]}  Qxa3 {[%clk 0:00:11]} 48. Ne5+ {[%clk 0:06:24]}  Kf5 {[%clk 0:00:11]} 49. Nxc6 {[%clk 0:06:15]}  h4 {[%clk 0:00:15]} 50. Kg2 {[%clk 0:05:45]} 1-0

[Event "Rapid Tournament (RAP)"]
[Site "Biel, CH"]
[Date "2025.07.13"]
[Round "3"]
[White "Boner, Timm"]
[Black "Flueckiger, Georg"]
[Result "0-1"]
[Board "45"]
[WhiteFideId "1330039"]
[BlackFideId "1342592"]
[WhiteElo "1732"]
[BlackElo "1895"]
[WhiteTeam "SUI"]
[BlackTeam "SUI"]
[WhiteClock "0:11:13"]
[BlackClock "0:11:20"]
[Variant "Standard"]

1. e4 {[%clk 0:15:08]}  e5 {[%clk 0:15:09]} 2. Nf3 {[%clk 0:15:10]}  Nc6 {[%clk 0:15:13]} 3. Bc4 {[%clk 0:15:13]}  Bc5 {[%clk 0:15:13]} 4. Nc3 {[%clk 0:15:15]}  d6 {[%clk 0:15:16]} 5. O-O {[%clk 0:15:16]}  Nf6 {[%clk 0:15:16]} 6. d3 {[%clk 0:15:19]}  h6 {[%clk 0:15:20]} 7. a3 {[%clk 0:15:21]}  O-O {[%clk 0:15:20]} 8. b4 {[%clk 0:15:23]}  Bb6 {[%clk 0:15:24]} 9. Nd5 {[%clk 0:15:20]}  Bg4 {[%clk 0:15:06]} 10. h3 {[%clk 0:15:17]}  Bh5 {[%clk 0:15:09]} 11. Nxb6 {[%clk 0:15:13]}  axb6 {[%clk 0:15:12]} 12. g4 {[%clk 0:15:07]}  Bg6 {[%clk 0:15:16]} 13. g5 {[%clk 0:15:09]}  hxg5 {[%clk 0:15:07]} 14. Bxg5 {[%clk 0:15:11]}  Bh5 {[%clk 0:15:10]} 15. Re1 {[%clk 0:14:56]}  Nd4 {[%clk 0:15:14]} 16. Re3 {[%clk 0:14:43]}  Nxf3+ {[%clk 0:15:12]} 17. Rxf3 {[%clk 0:14:45]}  Bxf3 {[%clk 0:15:16]} 18. Qxf3 {[%clk 0:14:48]}  Qe7 {[%clk 0:14:29]} 19. b5 {[%clk 0:14:40]}  d5 {[%clk 0:13:59]} 20. Bxd5 {[%clk 0:14:35]}  Rxa3 {[%clk 0:14:02]} 21. Rxa3 {[%clk 0:14:29]}  Qxa3 {[%clk 0:14:05]} 22. Bxf6 {[%clk 0:14:26]}  Qc1+ {[%clk 0:13:52]} 23. Kg2 {[%clk 0:14:24]}  gxf6 {[%clk 0:13:55]} 24. Qxf6 {[%clk 0:14:24]}  Qf4 {[%clk 0:13:54]} 25. Qe7 {[%clk 0:13:55]}  c6 {[%clk 0:13:10]} 26. bxc6 {[%clk 0:13:55]}  bxc6 {[%clk 0:13:13]} 27. Bxc6 {[%clk 0:13:55]}  Kg7 {[%clk 0:12:12]} 28. Bd5 {[%clk 0:13:49]}  Qf6 {[%clk 0:12:15]} 29. Qd7 {[%clk 0:13:45]}  Rh8 {[%clk 0:11:58]} 30. Kf1 {[%clk 0:13:30]}  Rh4 {[%clk 0:11:51]} 31. c4 {[%clk 0:13:22]}  Rf4 {[%clk 0:11:55]} 32. Ke1 {[%clk 0:13:10]}  Rxf2 {[%clk 0:11:58]} 33. Qg4+ {[%clk 0:13:10]}  Kh6 {[%clk 0:11:29]} 34. h4 {[%clk 0:12:32]}  Rf1+ {[%clk 0:11:27]} 35. Kd2 {[%clk 0:12:28]}  Qf2+ {[%clk 0:11:29]} 36. Qe2 {[%clk 0:11:13]}  Qxe2+ {[%clk 0:11:15]} 37. Kxe2 {[%clk 0:11:16]}  Rf4 {[%clk 0:11:17]} 38. Bxf7 {[%clk 0:11:13]}  Rxf7 {[%clk 0:11:20]} 0-1

[Event "Rapid Tournament (RAP)"]
[Site "Biel, CH"]
[Date "2025.07.13"]
[Round "3"]
[White "Jordan, Theodor"]
[Black "Trubini, Timon"]
[Result "0-1"]
[Board "46"]
[WhiteFideId "1353152"]
[BlackFideId "1347799"]
[WhiteElo "1894"]
[BlackElo "1743"]
[WhiteTeam "SUI"]
[BlackTeam "SUI"]
[WhiteClock "0:15:05"]
[BlackClock "0:00:19"]
[Variant "Standard"]

1. e4 {[%clk 0:15:09]}  c5 {[%clk 0:15:09]} 2. Nf3 {[%clk 0:15:13]}  d6 {[%clk 0:15:14]} 3. d4 {[%clk 0:15:17]}  cxd4 {[%clk 0:15:18]} 4. Nxd4 {[%clk 0:15:21]}  Nf6 {[%clk 0:15:22]} 5. Nc3 {[%clk 0:15:25]}  a6 {[%clk 0:15:26]} 6. Be3 {[%clk 0:15:29]}  e5 {[%clk 0:15:30]} 7. Nb3 {[%clk 0:15:34]}  Be7 {[%clk 0:15:34]} 8. f3 {[%clk 0:15:37]}  Be6 {[%clk 0:15:37]} 9. Nd5 {[%clk 0:15:41]}  Nxd5 {[%clk 0:15:33]} 10. exd5 {[%clk 0:15:44]}  Bf5 {[%clk 0:15:37]} 11. Be2 {[%clk 0:15:46]}  Bg5 {[%clk 0:15:08]} 12. Bxg5 {[%clk 0:15:18]}  Qxg5 {[%clk 0:15:13]} 13. O-O {[%clk 0:15:21]}  a5 {[%clk 0:14:06]} 14. Bd3 {[%clk 0:13:33]}  Qe3+ {[%clk 0:12:07]} 15. Kh1 {[%clk 0:13:37]}  Bxd3 {[%clk 0:12:11]} 16. Re1 {[%clk 0:12:08]}  Qg5 {[%clk 0:11:24]} 17. Qxd3 {[%clk 0:12:06]}  Nd7 {[%clk 0:10:56]} 18. a4 {[%clk 0:10:54]}  O-O {[%clk 0:10:42]} 19. Rac1 {[%clk 0:10:32]}  f5 {[%clk 0:09:46]} 20. c4 {[%clk 0:10:26]}  b6 {[%clk 0:09:50]} 21. Rc2 {[%clk 0:09:59]}  Rab8 {[%clk 0:08:50]} 22. Rce2 {[%clk 0:08:24]}  Nc5 {[%clk 0:08:04]} 23. Nxc5 {[%clk 0:08:12]}  bxc5 {[%clk 0:08:08]} 24. Qc3 {[%clk 0:08:15]}  Rb4 {[%clk 0:08:08]} 25. Rf1 {[%clk 0:07:33]}  Rfb8 {[%clk 0:05:48]} 26. f4 {[%clk 0:06:30]}  Qg4 {[%clk 0:05:44]} 27. Qf3 {[%clk 0:05:11]}  Qxf3 {[%clk 0:05:33]} 28. gxf3 {[%clk 0:05:14]}  Rxc4 {[%clk 0:04:03]} 29. fxe5 {[%clk 0:05:11]}  Rd4 {[%clk 0:04:00]} 30. exd6 {[%clk 0:04:42]}  Rxd5 {[%clk 0:04:02]} 31. Rc1 {[%clk 0:03:57]}  Rd8 {[%clk 0:02:53]} 32. Rec2 {[%clk 0:03:24]}  R8xd6 {[%clk 0:02:47]} 33. Rxc5 {[%clk 0:03:28]}  Kf7 {[%clk 0:02:23]} 34. Rc7+ {[%clk 0:02:54]}  Kf6 {[%clk 0:02:06]} 35. R1c2 {[%clk 0:02:38]}  Rd1+ {[%clk 0:01:26]} 36. Kg2 {[%clk 0:02:41]}  R6d2+ {[%clk 0:01:31]} 37. Kh3 {[%clk 0:02:22]}  Rxc2 {[%clk 0:01:28]} 38. Rxc2 {[%clk 0:02:26]}  Rd5 {[%clk 0:01:15]} 39. Rc6+ {[%clk 0:02:22]}  Kg5 {[%clk 0:00:55]} 40. Rb6 {[%clk 0:02:24]}  Kf4 {[%clk 0:00:48]} 41. Rb5 {[%clk 0:00:22]}  Rd2 {[%clk 0:00:15]} 42. Rxa5 {[%clk 0:00:09]}  g5 {[%clk 0:00:19]} 43. Rb5 {[%clk 0:15:05]} 0-1

[Event "Rapid Tournament (RAP)"]
[Site "Biel, CH"]
[Date "2025.07.13"]
[Round "3"]
[White "Kubanyi, Robert"]
[Black "Leonov, Leonid"]
[Result "0-1"]
[Board "47"]
[WhiteFideId "23746866"]
[BlackFideId "1698052"]
[WhiteElo "1711"]
[BlackElo "1894"]
[WhiteTeam "CZE"]
[BlackTeam "AUT"]
[WhiteClock "0:09:22"]
[BlackClock "0:05:18"]
[Variant "Standard"]

1. e4 {[%clk 0:15:09]}  c5 {[%clk 0:15:09]} 2. Nf3 {[%clk 0:15:12]}  d6 {[%clk 0:15:13]} 3. d4 {[%clk 0:15:16]}  cxd4 {[%clk 0:15:16]} 4. Nxd4 {[%clk 0:15:20]}  Nf6 {[%clk 0:15:19]} 5. Nc3 {[%clk 0:15:24]}  a6 {[%clk 0:15:23]} 6. Bc4 {[%clk 0:15:27]}  e6 {[%clk 0:15:27]} 7. Bb3 {[%clk 0:15:31]}  b5 {[%clk 0:15:31]} 8. O-O {[%clk 0:15:34]}  Be7 {[%clk 0:15:34]} 9. f4 {[%clk 0:15:20]}  b4 {[%clk 0:14:33]} 10. e5 {[%clk 0:15:10]}  bxc3 {[%clk 0:14:03]} 11. exf6 {[%clk 0:15:13]}  Bxf6 {[%clk 0:14:05]} 12. bxc3 {[%clk 0:15:11]}  Qc7 {[%clk 0:13:53]} 13. Bb2 {[%clk 0:14:57]}  O-O {[%clk 0:13:13]} 14. Rf3 {[%clk 0:14:31]}  Bb7 {[%clk 0:11:14]} 15. Rh3 {[%clk 0:14:28]}  d5 {[%clk 0:11:08]} 16. Qh5 {[%clk 0:14:09]}  h6 {[%clk 0:11:10]} 17. Rf1 {[%clk 0:14:12]}  Nd7 {[%clk 0:10:52]} 18. g4 {[%clk 0:13:46]}  e5 {[%clk 0:08:42]} 19. g5 {[%clk 0:13:34]}  exd4 {[%clk 0:08:26]} 20. gxf6 {[%clk 0:13:31]}  Nxf6 {[%clk 0:08:22]} 21. Qf3 {[%clk 0:13:25]}  dxc3 {[%clk 0:08:14]} 22. Qxc3 {[%clk 0:13:00]}  Qxc3 {[%clk 0:07:50]} 23. Bxc3 {[%clk 0:13:04]}  Ne4 {[%clk 0:07:47]} 24. Rd1 {[%clk 0:12:38]}  Rac8 {[%clk 0:07:38]} 25. Bb4 {[%clk 0:12:31]}  Rfd8 {[%clk 0:07:33]} 26. Ba5 {[%clk 0:11:49]}  Rd6 {[%clk 0:07:26]} 27. f5 {[%clk 0:11:45]}  d4 {[%clk 0:06:26]} 28. Bb4 {[%clk 0:11:09]}  Rf6 {[%clk 0:06:18]} 29. Rxd4 {[%clk 0:10:55]}  Ng5 {[%clk 0:06:22]} 30. Rg3 {[%clk 0:10:31]}  Nf3+ {[%clk 0:06:16]} 31. Rxf3 {[%clk 0:10:27]}  Bxf3 {[%clk 0:06:19]} 32. Rd7 {[%clk 0:10:20]}  Rxf5 {[%clk 0:06:00]} 33. Ra7 {[%clk 0:10:14]}  Be2 {[%clk 0:05:39]} 34. a3 {[%clk 0:09:51]}  Rc6 {[%clk 0:05:16]} 35. c3 {[%clk 0:09:22]}  Rg6+ {[%clk 0:05:18]} 0-1

[Event "Rapid Tournament (RAP)"]
[Site "Biel, CH"]
[Date "2025.07.13"]
[Round "3"]
[White "Lang, Fabian"]
[Black "Ademi, Rexhe"]
[Result "1-0"]
[Board "48"]
[WhiteFideId "1310160"]
[BlackFideId "1350366"]
[WhiteElo "1892"]
[BlackElo "1688"]
[WhiteTeam "SUI"]
[BlackTeam "SUI"]
[WhiteClock "0:01:50"]
[BlackClock "0:09:03"]
[Variant "Standard"]

1. d4 {[%clk 0:15:07]}  Nf6 {[%clk 0:15:08]} 2. Nf3 {[%clk 0:15:10]}  g6 {[%clk 0:15:11]} 3. g3 {[%clk 0:15:14]}  Bg7 {[%clk 0:15:14]} 4. Bg2 {[%clk 0:15:17]}  O-O {[%clk 0:15:16]} 5. O-O {[%clk 0:15:20]}  c6 {[%clk 0:15:18]} 6. c4 {[%clk 0:15:11]}  d5 {[%clk 0:15:14]} 7. cxd5 {[%clk 0:15:07]}  cxd5 {[%clk 0:15:16]} 8. Nc3 {[%clk 0:14:53]}  Nc6 {[%clk 0:15:14]} 9. Ne5 {[%clk 0:14:47]}  Be6 {[%clk 0:14:46]} 10. Nxc6 {[%clk 0:14:35]}  bxc6 {[%clk 0:14:48]} 11. Na4 {[%clk 0:14:31]}  Ne4 {[%clk 0:14:29]} 12. Be3 {[%clk 0:12:54]}  Rb8 {[%clk 0:14:27]} 13. Rc1 {[%clk 0:12:08]}  Qe8 {[%clk 0:14:09]} 14. Qc2 {[%clk 0:11:43]}  Rc8 {[%clk 0:13:48]} 15. Bxe4 {[%clk 0:10:31]}  dxe4 {[%clk 0:13:48]} 16. Qxe4 {[%clk 0:09:32]}  Bxa2 {[%clk 0:13:42]} 17. Nc5 {[%clk 0:08:58]}  Bd5 {[%clk 0:13:38]} 18. Qc2 {[%clk 0:07:37]}  e5 {[%clk 0:13:38]} 19. dxe5 {[%clk 0:07:14]}  Bxe5 {[%clk 0:13:40]} 20. Bh6 {[%clk 0:06:52]}  Bg7 {[%clk 0:13:42]} 21. Bxg7 {[%clk 0:06:46]}  Kxg7 {[%clk 0:13:44]} 22. e4 {[%clk 0:06:19]}  Be6 {[%clk 0:13:28]} 23. Kg2 {[%clk 0:06:19]}  Qe7 {[%clk 0:13:14]} 24. f4 {[%clk 0:06:08]}  f5 {[%clk 0:13:06]} 25. Qc3+ {[%clk 0:05:17]}  Kg8 {[%clk 0:11:59]} 26. Nxe6 {[%clk 0:04:52]}  Qxe6 {[%clk 0:12:01]} 27. e5 {[%clk 0:03:59]}  Qd5+ {[%clk 0:12:00]} 28. Kh3 {[%clk 0:03:28]}  Rfe8 {[%clk 0:11:35]} 29. Rfd1 {[%clk 0:03:24]}  Qe4 {[%clk 0:10:34]} 30. Rd7 {[%clk 0:02:22]}  Re6 {[%clk 0:10:12]} 31. Qb3 {[%clk 0:02:12]}  Rce8 {[%clk 0:10:04]} 32. Qb7 {[%clk 0:01:56]}  Qf3 {[%clk 0:09:03]} 33. Rg7+ {[%clk 0:01:50]} 1-0